Departement Francais avec Chef Lieu - Statistiques

Statistiques générales
  • Ce quiz a été pris 114 fois
  • Le résultat moyen est 161 sur 202
Statistiques - réponses
Départements % Correct
1 Ain
97%
42 Loire
95%
Nice
95%
| 75 Paris
95%
2 Aisne
93%
29 Finistère
93%
59 Nord
93%
38 Isère
92%
Lille
92%
Marseille
92%
Montpellier
92%
Toulouse
92%
83 Var
92%
3 Allier
91%
6 Alpes-Maritimes
91%
13 Bouches-du-Rhône
91%
Caen
91%
18 Cher
91%
2A Corse-du-Sud
91%
2B Haute-Corse
91%
Lyon
91%
Nantes
91%
62 Pas-de-Calais
91%
73 Savoie
91%
Strasbourg
91%
90 Territoire-de-Belfort
91%
9 Ariège
89%
67 Bas-Rhin
89%
Bordeaux
89%
21 Côte-d'Or
89%
74 Haute-Savoie
89%
68 Haut-Rhin
89%
Rennes
89%
12 Aveyron
88%
22 Côtes d'Armor
88%
Dijon
88%
24 Dordogne
88%
25 Doubs
88%
33 Gironde
88%
Grenoble
88%
31 Haute-Garonne
88%
44 Loire-Atlantique
88%
45 Loiret
88%
50 Manche
88%
55 Meuse
88%
57 Moselle
88%
60 Oise
88%
69 Rhône
88%
93 Seine-Saint-Denis
88%
Toulon
88%
Ajaccio
87%
7 Ardêche
87%
8 Ardennes
87%
11 Aude
87%
Belfort
87%
14 Calvados
87%
16 Charente
87%
17 Charente-Maritime
87%
5 Hautes-Alpes
87%
34 Hérault
87%
48 Lozère
87%
51 Marne
87%
Metz
87%
56 Morbihan
87%
Orléans
87%
77 Seine-et-Marne
87%
4 Alpes de Haute-Provence
86%
10 Aube
86%
Bastia
86%
19 Corrèze
86%
23 Creuse
86%
27 Eure
86%
28 Eure-et-Loir
86%
971 Guadeloupe
86%
35 Îlle-et-Vilaine
86%
36 Indre
86%
37 Indre-et-Loire
86%
41 Loir-et-Cher
86%
46 Lot
86%
54 Meurthe-et-Moselle
86%
Quimper
86%
Saint-Étienne
86%
76 Seine-Maritime
86%
Angers
84%
Bourg-en-Bresse
84%
26 Drôme
84%
30 Gard
84%
39 Jura
84%
40 Landes
84%
974 La Réunion
84%
47 Lot-et-Garonne
84%
972 Martinique
84%
64 Pyrénées-Atlantiques
84%
Rouen
84%
81 Tarn
84%
85 Vendée
84%
86 Vienne
84%
15 Cantal
83%
79 Deux-Sèvres
83%
43 Haute-Loire
83%
La Roche-sur-Yon
83%
53 Mayenne
83%
Nancy
83%
Pau
83%
Saint-Denis
83%
80 Somme
83%
82 Tarn-et-Garonne
83%
84 Vaucluse
83%
78 Yvelines
83%
91 Essonne
82%
52 Haute-Marne
82%
65 Hautes-Pyrénées
82%
61 Orne
82%
Perpignan
82%
Tours
82%
95 Val-d'Oise
82%
Vannes
82%
89 Yonne
82%
Annecy
80%
87 Haute-Vienne
80%
Le Mans
80%
49 Maine-et-Loire
80%
66 Pyrénées-Orientales
80%
Versailles
80%
Amiens
79%
32 Gers
79%
La Rochelle
79%
58 Nièvre
79%
Nîmes
79%
Poitiers
79%
88 Vosges
79%
973 Guyane
78%
92 Hauts-de-Seine
78%
71 Saône-et-Loire
78%
Troyes
78%
94 Val-de-Marne
78%
Gap
76%
70 Haute-Saône
76%
72 Sarthe
76%
Chambéry
75%
Colmar
75%
63 Puy-de-Dôme
75%
Tulle
75%
Besançon
74%
Carcassonne
74%
Chartres
74%
Clermont-Ferrand
74%
Valence
74%
Auxerre
72%
Avignon
72%
Châteauroux
72%
Foix
72%
Limoges
72%
976 Mayotte
72%
Niort
72%
St-Brieuc
72%
Bourges
71%
Charleville-Mézières
71%
Laval
71%
Digne-les-Bains
70%
Évry
70%
Laon
70%
Mont-de-Marsan
70%
Privas
70%
Saint-Lô
70%
Angoulême
68%
Arras
68%
Évreux
68%
Nevers
68%
Rodez
68%
Blois
67%
Fort-de-France
67%
Guéret
67%
Périgueux
67%
Albi
66%
Aurillac
66%
Beauvais
66%
Mende
66%
Moulins
66%
Cahors
64%
Cayenne
64%
Épinal
64%
Nanterre
64%
Agen
63%
Alençon
63%
Créteil
63%
Melun
63%
Châlons-en-Champagne
62%
Le Puy-en-Velay
62%
Montauban
62%
Bar-le-Duc
61%
Lons-le-Saunier
61%
Tarbes
61%
Bobigny
58%
Mâcon
58%
Auch
57%
Basse-Terre
57%
Chaumont
57%
Vesoul
57%
Pontoise
41%
Dzaoudzi
7%
Aucun quiz correspondant
Distribution des résultats
% des personnes avec chaque résultat
Percentile par nombre de réponses
Votre historique - résultats
Vous n’avez pas pris ce quiz